Primetime Emmy Hosts Quiz Stats

 Plays Quiz Updated Sep 17, 2017

Challenge
Share
Tweet
Embed
Score 0/69 Timer 09:00
4 Plays Today
Ceremony Host(s) % Correct
27thNo Host
99.2%
50thNo Host
99%
55thEllen DeGeneres, Brad Garrett, Darrell Hammond, George Lopez, Conan O'Brien, Bernie Mac, Dennis Miller, Gary Shandling, Martin Short, John Stewart, and Wanda Sykes
79.8%
46thEllen DeGeneres and Patricia Richardson
73.7%
53rdEllen DeGeneres
73.6%
57thEllen DeGeneres
73.6%
65thNeil Patrick Harris
71.1%
61stNeil Patrick Harris
71%
14thDavid Brinkley, Johnny Carson, And Bob Newhart
59.3%
23rdJohnny Carson
58.7%
24thJohnny Carson
58.7%
25thJohnny Carson
58.7%
26thJohnny Carson
58.7%
54thConan O'Brien
58.6%
58thConan O'Brien
58.6%
38thDavid Letterman and Shelley Long
57.8%
42ndCandice Bergen, Jay Leno, and Jane Pauley
55.4%
68thJimmy Kimmel
55.3%
62ndJimmy Fallon
53.4%
44thTim Allen, Kirstie Alley, and Dennis Miller
51.4%
32ndSteve Allen and Dick Clark
48.1%
7thSteve Allen and Dave Garroway
47.1%
43rdDennis Miller
44.7%
64thJimmy Kimmel
42.6%
69thStephen Colbert
42%
48thMichael J. Fox, Paul Reiser, and Oprah Winfrey
36.3%
52ndGarry Shandling
36.2%
56thGarry Shandling
36.2%
66thSeth Meyers
33.9%
21stBill Cosby and Merv Griffin
30.9%
22ndBill Cosby and Dick Cavett
30.4%
18thBill Cosby and Danny Kaye
30.4%
20thFrank Sinatra and Dick Van Dyke
29.1%
28thJohn Denver and Mary Tyler Moore
26.5%
4th Lucille Ball and Desi Arnaz
26.1%
Ceremony Host(s) % Correct
35thEddie Murphy and Joan Rivers
25.7%
60thTom Bergeron, Heidi Klum, Howie Mandel, Jeff Probst, and Ryan Seacrest
25.4%
67thAndy Samberg
24.8%
17thSammy Davis Jr. and Danny Thomas
23.9%
8thArt Linkletter and Danny Thomas
22.1%
34thJohn Forsythe and Marlo Thomas
22%
10thPhil Silvers and Danny Thomas
21.9%
59thRyan Seacrest
20.4%
63rdJane Lynch
19.3%
20thAlan Alda
17.2%
5th Art Linkletter
17%
9thDesi Arnaz
16.4%
37thJohn Forsythe
14.6%
40thJohn Forsythe
14.6%
6thEd Sullivan
14.5%
47thJason Alexander and Cybill Shepherd
14.2%
16thJoey Bishop and E.G Marshall
12.8%
12thJoey Bishop and Arthur Godfrey
12.7%
15thJoey Bishop, Arthur Godfrey, and Chet Huntley
12.7%
19thJoey Bishop and Hugh Downs
12.6%
13thJoey Bishop and Dick Powell
12.3%
33rdEd Asner and Shirley MacLaine
10.9%
39thBruce Willis
10.2%
51stJenna Elfman and David Hyde Pierce
9.5%
36thTom Selleck
9.3%
31stCheryl Ladd and Henry Winkler
8.7%
49thBryant Gumbel
8.1%
45thAngela Lansbury
6.9%
11thRaymond Burr
6.1%
3rd Earl Warren
5.8%
29thRobert Blake and Angie Dickinson
5.2%
1stWalter O'Keefe
5.2%
2nd Bill Welsh
5%
41stJohn Laroquette
4.5%

You're not logged in!

Compare scores with friends on all Sporcle quizzes.
Join for Free
OR
Log In

You Might Also Like...

Show Comments

Extras

Top Quizzes Today


Score Distribution

Your Account Isn't Verified!

In order to create a playlist on Sporcle, you need to verify the email address you used during registration. Go to your Sporcle Settings to finish the process.

Report this User

Report this user for behavior that violates our Community Guidelines.

Details: